[Event "Torneo Liga de Campeones 2007"]
[Site "Vitoria ESP"]
[Date "2007.11.02"]
[Round "1.1"]
[White "Polgar, Judit"]
[Black "Ponomariov, Ruslan"]
[Result "0-1"]
[WhiteElo "2708"]
[BlackElo "2705"]
[PlyCount "90"]
[EventDate "2007.11.02"]
[EventType "tourn"]
[EventRounds "10"]
[EventCountry "ESP"]
[EventCategory "19"]
[Source "lmi"]
[SourceDate "2007.11.02"]

1. e4 e5 2. Nf3 Nc6 3. Bb5 a6 4. Ba4 Nf6 5. O-O b5 6. Bb3 Bc5 7. c3 d6 8. a4
Rb8 9. d4 Bb6 10. Be3 O-O 11. Nbd2 Bg4 12. Qc2 Re8 13. axb5 axb5 14. Rfe1 Bh5
15. dxe5 dxe5 16. h3 Bxe3 17. Rxe3 Ra8 18. Rd1 Qb8 19. Bd5 Qb6 20. b4 Rad8 21.
Ba2 Na7 22. Nf1 Rxd1 23. Qxd1 Bg6 24. Ng3 Nc8 25. Nf5 Bxf5 26. exf5 e4 27. Nd4
Nd6 28. g4 c5 29. bxc5 Qxc5 30. Nb3 Qe5 31. Qd4 Nd5 32. Re2 Nxc3 33. Rc2 e3 34.
Qxe5 Rxe5 35. fxe3 Rxe3 36. Nc5 Kf8 37. Kg2 Ke7 38. Bb3 h5 39. gxh5 Nxf5 40.
Rd2 Nd6 41. Rd3 Rxd3 42. Nxd3 Nf5 43. Nb4 Nd4 44. Nd5+ Nxd5 45. Bxd5 b4 0-1

[Event "Torneo Liga de Campeones 2007"]
[Site "Vitoria ESP"]
[Date "2007.11.08"]
[Round "1.3"]
[White "Kasimdzhanov, Rustam"]
[Black "Nisipeanu, Liviu Dieter"]
[Result "1/2-1/2"]
[WhiteElo "2690"]
[BlackElo "2668"]
[PlyCount "54"]
[EventDate "2007.11.02"]
[EventType "tourn"]
[EventRounds "10"]
[EventCountry "ESP"]
[EventCategory "19"]
[Source "lmi"]
[SourceDate "2007.11.02"]

1. d4 Nf6 2. c4 c5 3. d5 e5 4. Nc3 d6 5. e4 Be7 6. g3 O-O 7. Bg2 Nbd7 8. Nge2
a6 9. a4 b6 10. O-O Ne8 11. Kh1 g6 12. Bh6 Ng7 13. Qd2 Nf6 14. f3 Bd7 15. Rab1
Rb8 16. b4 Qc7 17. b5 a5 18. Nc1 Nfh5 19. Nd3 f5 20. f4 exf4 21. Nxf4 Nxf4 22.
Bxf4 Rbe8 23. exf5 Bxf5 24. Rbe1 Bf6 25. Ne4 Bxe4 26. Bxe4 Be5 27. Bg5 Rxf1+
1/2-1/2

[Event "Torneo Liga de Campeones 2007"]
[Site "Vitoria ESP"]
[Date "2007.11.03"]
[Round "2.2"]
[White "Topalov, Veselin"]
[Black "Kasimdzhanov, Rustam"]
[Result "1-0"]
[WhiteElo "2769"]
[BlackElo "2690"]
[PlyCount "83"]
[EventDate "2007.11.02"]
[EventType "tourn"]
[EventRounds "10"]
[EventCountry "ESP"]
[EventCategory "19"]
[Source "lmi"]
[SourceDate "2007.11.02"]

1. d4 Nf6 2. c4 e6 3. Nf3 b6 4. g3 Ba6 5. b3 Bb4+ 6. Bd2 Be7 7. Bg2 c6 8. Bc3
d5 9. Ne5 Ne4 10. O-O Nxc3 11. Nxc3 O-O 12. Rc1 Bb4 13. e3 Qe7 14. Re1 f6 15.
Nd3 Ba3 16. Rc2 dxc4 17. bxc4 Bxc4 18. Nb1 Bb5 19. Nxa3 Qxa3 20. Nf4 Re8 21.
Qh5 Nd7 22. Bxc6 Bxc6 23. Rxc6 Qxa2 24. Rc7 Re7 25. Rec1 e5 26. Qf3 Rd8 27. Nd5
Rf7 28. Nc3 Qb3 29. Rb1 Qe6 30. d5 Qe8 31. Rxa7 f5 32. Kg2 Ra8 33. Rc7 Nc5 34.
d6 e4 35. Qd1 Nd3 36. Qb3 Rd8 37. Ra1 Kf8 38. Rxf7+ Qxf7 39. Qxb6 Rc8 40. Ne2
Qh5 41. Nd4 Nxf2 42. d7 1-0

[Event "Torneo Liga de Campeones 2007"]
[Site "Vitoria ESP"]
[Date "2007.11.04"]
[Round "3.3"]
[White "Nisipeanu, Liviu Dieter"]
[Black "Topalov, Veselin"]
[Result "1/2-1/2"]
[WhiteElo "2668"]
[BlackElo "2769"]
[PlyCount "63"]
[EventDate "2007.11.02"]
[EventType "tourn"]
[EventRounds "10"]
[EventCountry "ESP"]
[EventCategory "19"]
[Source "lmi"]
[SourceDate "2007.11.02"]

1. e4 c5 2. Nf3 d6 3. d4 cxd4 4. Nxd4 Nf6 5. Nc3 a6 6. Be3 e5 7. Nde2 Be6 8. f4
Nbd7 9. f5 Bc4 10. Nc1 d5 11. Bxc4 dxc4 12. Qf3 b5 13. N1e2 b4 14. Nd5 Nxd5 15.
exd5 Nf6 16. O-O-O Bd6 17. g4 b3 18. cxb3 cxb3 19. Kb1 bxa2+ 20. Ka1 e4 21. Qg2
Be5 22. Bd4 Bxd4 23. Nxd4 O-O 24. d6 Qb6 25. g5 Nd5 26. g6 fxg6 27. fxg6 Qxd6
28. gxh7+ Kh8 29. Rhg1 Qf6 30. Qxe4 Rad8 31. Ne6 Rfe8 32. Rxd5 1/2-1/2

[Event "Torneo Liga de Campeones 2007"]
[Site "Vitoria ESP"]
[Date "2007.11.06"]
[Round "4.2"]
[White "Nisipeanu, Liviu Dieter"]
[Black "Karpov, Anatoly"]
[Result "1/2-1/2"]
[WhiteElo "2668"]
[BlackElo "2670"]
[PlyCount "53"]
[EventDate "2007.11.02"]
[EventType "tourn"]
[EventRounds "10"]
[EventCountry "ESP"]
[EventCategory "19"]
[Source "lmi"]
[SourceDate "2007.11.02"]

1. e4 e5 2. Nf3 Nf6 3. Nxe5 d6 4. Nf3 Nxe4 5. Nc3 Nxc3 6. dxc3 Be7 7. Be3 O-O
8. Qd2 Nd7 9. O-O-O Ne5 10. Be2 Ng4 11. Bd3 d5 12. Bf4 c5 13. c4 d4 14. h3 Nf6
15. Rde1 Re8 16. Ng5 Bd7 17. h4 h6 18. Nf3 Ng4 19. Ne5 Nxe5 20. Rxe5 Bf8 21.
Rxe8 Bxe8 22. Be5 Bc6 23. Qf4 Qd7 24. Bb8 Qc8 25. Be5 Qd7 26. Bb8 Qc8 27. Be5
1/2-1/2

[Event "Torneo Liga de Campeones 2007"]
[Site "Vitoria ESP"]
[Date "2007.11.07"]
[Round "5.1"]
[White "Ponomariov, Ruslan"]
[Black "Topalov, Veselin"]
[Result "1/2-1/2"]
[WhiteElo "2705"]
[BlackElo "2769"]
[PlyCount "73"]
[EventDate "2007.11.02"]
[EventType "tourn"]
[EventRounds "10"]
[EventCountry "ESP"]
[EventCategory "19"]
[Source "lmi"]
[SourceDate "2007.11.02"]

1. d4 Nf6 2. c4 g6 3. Nc3 Bg7 4. e4 d6 5. Nf3 O-O 6. Be2 e5 7. O-O Nc6 8. dxe5
dxe5 9. Bg5 Bg4 10. Qxd8 Raxd8 11. Bxf6 Bxf6 12. Nd5 Bxf3 13. Bxf3 Bg5 14. Rad1
Nd4 15. Nxc7 Rc8 16. Nb5 Rxc4 17. Nxd4 Rxd4 18. Rxd4 exd4 19. Be2 d3 20. Bxd3
Rd8 21. Rd1 Rc8 22. g3 Rc1 23. Rxc1 Bxc1 24. b3 a5 25. Kg2 b6 26. f4 g5 27. Kf3
gxf4 28. gxf4 f6 29. Kg4 h6 30. Kf5 Kf7 31. Bc4+ Ke7 32. h4 Bd2 33. h5 Bc1 34.
a4 Bd2 35. e5 fxe5 36. fxe5 Bc1 37. Ke4 1/2-1/2

[Event "Torneo Liga de Campeones 2007"]
[Site "Vitoria ESP"]
[Date "2007.11.07"]
[Round "5.2"]
[White "Polgar, Judit"]
[Black "Nisipeanu, Liviu Dieter"]
[Result "1/2-1/2"]
[WhiteElo "2708"]
[BlackElo "2668"]
[PlyCount "53"]
[EventDate "2007.11.02"]
[EventType "tourn"]
[EventRounds "10"]
[EventCountry "ESP"]
[EventCategory "19"]
[Source "lmi"]
[SourceDate "2007.11.02"]

1. e4 e5 2. Nf3 Nc6 3. Bb5 Nf6 4. O-O Nxe4 5. d4 Nd6 6. Bxc6 dxc6 7. dxe5 Nf5
8. Qxd8+ Kxd8 9. Nc3 Bd7 10. Ne4 h6 11. b3 b6 12. c4 c5 13. Bb2 Kc8 14. Rad1 a5
15. a4 Be6 16. h3 Kb7 17. g4 Ne7 18. Ng3 g6 19. Ne4 Nc6 20. Nf6 Bg7 21. Kg2
Rad8 22. Kg3 Nb4 23. Bc3 Na2 24. Ba1 Nb4 25. Bc3 Na2 26. Bb2 Nb4 27. Bc3
1/2-1/2

[Event "Torneo Liga de Campeones 2007"]
[Site "Vitoria ESP"]
[Date "2007.11.07"]
[Round "5.3"]
[White "Karpov, Anatoly"]
[Black "Kasimdzhanov, Rustam"]
[Result "1/2-1/2"]
[WhiteElo "2670"]
[BlackElo "2690"]
[PlyCount "46"]
[EventDate "2007.11.02"]
[EventType "tourn"]
[EventRounds "10"]
[EventCountry "ESP"]
[EventCategory "19"]
[Source "lmi"]
[SourceDate "2007.11.02"]

1. c4 Nf6 2. Nc3 g6 3. d4 Bg7 4. e4 d6 5. h3 O-O 6. Be3 Na6 7. Nf3 e5 8. dxe5
dxe5 9. c5 b6 10. cxb6 Qxd1+ 11. Rxd1 axb6 12. Bc4 Bb7 13. Bd3 Rfe8 14. a3 Bf8
15. Bb5 c6 16. Be2 Nc5 17. Nd2 b5 18. Rc1 Ne6 19. Nf3 Nd4 20. Nxd4 exd4 21.
Bxd4 Nxe4 22. Nxe4 Rxe4 23. Be3 b4 1/2-1/2

[Event "Torneo Liga de Campeones 2007"]
[Site "Vitoria ESP"]
[Date "2007.11.09"]
[Round "6.1"]
[White "Ponomariov, Ruslan"]
[Black "Polgar, Judit"]
[Result "1-0"]
[WhiteElo "2705"]
[BlackElo "2708"]
[PlyCount "71"]
[EventDate "2007.11.02"]
[EventType "tourn"]
[EventRounds "10"]
[EventCountry "ESP"]
[EventCategory "19"]
[Source "lmi"]
[SourceDate "2007.11.02"]

1. d4 Nf6 2. c4 e6 3. Nc3 Bb4 4. Nf3 O-O 5. Bg5 c5 6. Rc1 h6 7. Bh4 cxd4 8.
Nxd4 b6 9. e3 Bb7 10. Ndb5 Na6 11. Nd6 Bxd6 12. Qxd6 Rc8 13. f3 Rc6 14. Qd4 Qe7
15. Be2 g5 16. Bg3 d5 17. h4 Nh5 18. Bf2 Ng7 19. hxg5 hxg5 20. Qe5 f6 21. Qh2
dxc4 22. f4 g4 23. Bxg4 Rc5 24. e4 Kf7 25. Bxc5 Qxc5 26. Qh7 Ke7 27. Qxg7+ Rf7
28. Qg8 Nb4 29. Ke2 Nd3 30. Rcf1 Qb4 31. Rh8 Qxb2+ 32. Ke3 Kd6 33. e5+ fxe5 34.
fxe5+ Nxe5 35. Qb8+ Rc7 36. Rd1+ 1-0

[Event "Torneo Liga de Campeones 2007"]
[Site "Vitoria ESP"]
[Date "2007.11.09"]
[Round "6.3"]
[White "Nisipeanu, Liviu Dieter"]
[Black "Kasimdzhanov, Rustam"]
[Result "1-0"]
[WhiteElo "2668"]
[BlackElo "2690"]
[PlyCount "149"]
[EventDate "2007.11.02"]
[EventType "tourn"]
[EventRounds "10"]
[EventCountry "ESP"]
[EventCategory "19"]
[Source "lmi"]
[SourceDate "2007.11.02"]

1. e4 e5 2. Nf3 Nc6 3. Bb5 a6 4. Ba4 Nf6 5. O-O Be7 6. Re1 b5 7. Bb3 d6 8. c3
O-O 9. h3 Re8 10. d4 Bb7 11. Nbd2 Bf8 12. Bc2 d5 13. exd5 Qxd5 14. Ne4 exd4 15.
Nfg5 Nxe4 16. Bxe4 Rxe4 17. Nxe4 d3 18. Qg4 Kh8 19. Ng5 f6 20. Qe4 Qxe4 21.
Nxe4 Ne5 22. b3 Rd8 23. Bf4 Ng6 24. Bxc7 Rd7 25. Bb6 d2 26. Nxd2 Rxd2 27. Rad1
Rxd1 28. Rxd1 h5 29. Rd7 Be4 30. Ra7 Kh7 31. Be3 Ba3 32. Rxa6 Bb2 33. a4 Bxc3
34. axb5 Be5 35. b6 Bc6 36. Ra5 h4 37. b4 Ne7 38. b5 Bd5 39. Ra7 Nf5 40. Bc5
Be6 41. Ra8 Bd5 42. Rd8 Bb7 43. Rd7 Bc8 44. Ra7 Be6 45. Ra6 Bd5 46. Ra4 Kg6 47.
Ra7 Be6 48. f3 Kh7 49. Bf2 Kg6 50. Ra8 Bd5 51. Rd8 Bb7 52. Kf1 Kh7 53. Ke2 Kg6
54. Kd3 Nd6 55. Bxh4 Nxb5 56. Bf2 Nd6 57. Rd7 Bc6 58. Rc7 Bb5+ 59. Kc2 Bf1 60.
g3 Bxh3 61. b7 Nxb7 62. Rxb7 Be6 63. Ra7 Bd5 64. f4 Bb8 65. Rd7 Bc6 66. Re7 Bd6
67. Re6 Ba4+ 68. Kc3 Bf8 69. Ra6 Bd1 70. Ra5 Bg4 71. Bc5 Bxc5 72. Rxc5 Kf7 73.
Kd4 Ke6 74. Rc7 g6 75. Ke4 1-0

[Event "Torneo Liga de Campeones 2007"]
[Site "Vitoria ESP"]
[Date "2007.11.10"]
[Round "7.1"]
[White "Nisipeanu, Liviu Dieter"]
[Black "Ponomariov, Ruslan"]
[Result "1/2-1/2"]
[WhiteElo "2668"]
[BlackElo "2705"]
[PlyCount "63"]
[EventDate "2007.11.02"]
[EventType "tourn"]
[EventRounds "10"]
[EventCountry "ESP"]
[EventCategory "19"]
[Source "lmi"]
[SourceDate "2007.11.02"]

1. e4 c5 2. Nf3 Nc6 3. d4 cxd4 4. Nxd4 Nf6 5. Nc3 e5 6. Ndb5 d6 7. Bg5 a6 8.
Na3 b5 9. Nd5 Be7 10. Bxf6 Bxf6 11. c3 Bg5 12. Nc2 O-O 13. a4 bxa4 14. Rxa4 a5
15. Bc4 Rb8 16. b3 Kh8 17. Qe2 Ne7 18. Nxe7 Bxe7 19. O-O Bd7 20. Ra2 Be6 21.
Rfa1 Bxc4 22. bxc4 Rb3 23. Na3 Rb6 24. Nb5 Ra6 25. g3 g6 26. Ra4 Qb6 27. Rd1
Kg7 28. Rd5 Rc8 29. h4 h5 30. Kg2 Rc5 31. Rd1 Ra8 32. f3 1/2-1/2

[Event "Torneo Liga de Campeones 2007"]
[Site "Vitoria ESP"]
[Date "2007.11.10"]
[Round "7.2"]
[White "Kasimdzhanov, Rustam"]
[Black "Topalov, Veselin"]
[Result "1/2-1/2"]
[WhiteElo "2690"]
[BlackElo "2769"]
[PlyCount "91"]
[EventDate "2007.11.02"]
[EventType "tourn"]
[EventRounds "10"]
[EventCountry "ESP"]
[EventCategory "19"]
[Source "lmi"]
[SourceDate "2007.11.02"]

1. d4 Nf6 2. c4 e6 3. Nf3 d5 4. Nc3 Be7 5. Bg5 h6 6. Bh4 O-O 7. e3 b6 8. Bd3
Bb7 9. O-O Nbd7 10. Bg3 c5 11. cxd5 Nxd5 12. Nxd5 Bxd5 13. e4 Bb7 14. Rc1 Nf6
15. dxc5 Bxc5 16. Qe2 Nh5 17. Be5 a5 18. Rfd1 Qe7 19. a3 Rfd8 20. h3 Nf6 21.
Nd2 a4 22. Bb1 Rac8 23. Nf3 Rxd1+ 24. Rxd1 Rd8 25. Re1 Bc6 26. Bc3 Qe8 27. Ne5
Bb5 28. Qf3 Qe7 29. Rc1 Nh7 30. h4 Nf6 31. g3 Rc8 32. Re1 Rd8 33. Kg2 Be8 34.
Rc1 Rc8 35. Bd2 Rd8 36. Be3 Bxe3 37. Qxe3 Qb7 38. g4 Qb8 39. Qc3 Qd6 40. f3 Bb5
41. Qc7 Qd2+ 42. Kg3 Be8 43. Qc3 Qd6 44. Qc7 Qd2 45. Qc3 Qd6 46. Qc7 1/2-1/2

[Event "Torneo Liga de Campeones 2007"]
[Site "Vitoria ESP"]
[Date "2007.11.11"]
[Round "8.2"]
[White "Polgar, Judit"]
[Black "Kasimdzhanov, Rustam"]
[Result "1/2-1/2"]
[WhiteElo "2708"]
[BlackElo "2690"]
[PlyCount "138"]
[EventDate "2007.11.02"]
[EventType "tourn"]
[EventRounds "10"]
[EventCountry "ESP"]
[EventCategory "19"]
[Source "lmi"]
[SourceDate "2007.11.02"]

1. e4 e5 2. Nf3 Nc6 3. Bb5 a6 4. Ba4 Nf6 5. O-O b5 6. Bb3 Bc5 7. a4 Rb8 8. c3
O-O 9. d4 Bb6 10. dxe5 Ng4 11. Bf4 Qe7 12. Nbd2 Ngxe5 13. Qe2 d6 14. axb5 axb5
15. h3 Nxf3+ 16. Qxf3 Be6 17. Bc2 b4 18. Qg3 Bc5 19. Be3 bxc3 20. bxc3 Rb2 21.
Ba4 Bxe3 22. Qxe3 Ne5 23. Rfb1 Rxb1+ 24. Rxb1 h6 25. f4 Nd7 26. Bc2 Nc5 27. e5
Bd5 28. Nf1 Ba8 29. Ng3 Re8 30. Nh5 Qf8 31. Qg3 Kh8 32. Re1 dxe5 33. fxe5 Rd8
34. Qf2 Qe7 35. Re2 Ne6 36. Kh2 Bd5 37. Nf4 Bc4 38. Nxe6 Bxe6 39. Qf4 Qg5 40.
Qxg5 hxg5 41. Be4 g6 42. Kg3 Kg7 43. Re3 Rd2 44. Bf3 Kf8 45. h4 gxh4+ 46. Kxh4
Ke7 47. Kg5 Bd5 48. Kf4 Bxf3 49. gxf3 Ke6 50. Re4 Rd5 51. Rc4 c5 52. Ra4 g5+
53. Kxg5 Kxe5 54. Re4+ Kd6+ 55. Kf6 Rd3 56. f4 Rxc3 57. Kxf7 Rf3 58. Kf6 Kd5
59. Re5+ Kd4 60. f5 c4 61. Re1 c3 62. Kg6 Rg3+ 63. Kh7 c2 64. f6 Rf3 65. Kg7
Kd3 66. f7 Kd2 67. Rh1 c1=Q 68. Rxc1 Rxf7+ 69. Kxf7 Kxc1 1/2-1/2

[Event "Torneo Liga de Campeones 2007"]
[Site "Vitoria ESP"]
[Date "2007.11.11"]
[Round "8.3"]
[White "Topalov, Veselin"]
[Black "Nisipeanu, Liviu Dieter"]
[Result "1-0"]
[WhiteElo "2769"]
[BlackElo "2668"]
[PlyCount "101"]
[EventDate "2007.11.02"]
[EventType "tourn"]
[EventRounds "10"]
[EventCountry "ESP"]
[EventCategory "19"]
[Source "lmi"]
[SourceDate "2007.11.02"]

1. d4 d5 2. c4 dxc4 3. e4 e5 4. Nf3 exd4 5. Bxc4 Nc6 6. O-O Be6 7. Bb5 Bc5 8.
b4 Bb6 9. a4 a6 10. Bxc6+ bxc6 11. Bb2 Nf6 12. a5 Ba7 13. Nbd2 O-O 14. Qc2 Ng4
15. h3 Nf6 16. Ne5 Bd7 17. Rfe1 Qe7 18. Ndf3 c5 19. bxc5 Qxc5 20. Qd2 Qe7 21.
Ba3 c5 22. Qxd4 Bb5 23. Qc3 Rfd8 24. Bb2 Nh5 25. Nc4 Rab8 26. Ne3 Qxe4 27. Ng4
Qg6 28. Nh4 Qd3 29. Qe5 Qd5 30. Nh6+ Kh8 31. Qe7 Bc4 32. Rad1 Qxd1 33. Rxd1
Rxd1+ 34. Kh2 Ra8 35. N4f5 f6 36. f4 Bd5 37. Nf7+ Bxf7 38. Qxf7 c4 39. Qxh5
Bg1+ 40. Kg3 Rd3+ 41. Kg4 Rf8 42. Ne7 Bf2 43. Ng6+ Kg8 44. Ne7+ Kh8 45. Ng6+
Kg8 46. Nxf8 Rg3+ 47. Kf5 g6+ 48. Nxg6 hxg6+ 49. Qxg6+ Rxg6 50. Kxg6 Be1 51.
Bxf6 1-0

[Event "Torneo Liga de Campeones 2007"]
[Site "Vitoria ESP"]
[Date "2007.11.13"]
[Round "9.1"]
[White "Topalov, Veselin"]
[Black "Ponomariov, Ruslan"]
[Result "1-0"]
[WhiteElo "2769"]
[BlackElo "2705"]
[PlyCount "116"]
[EventDate "2007.11.02"]
[EventType "tourn"]
[EventRounds "10"]
[EventCountry "ESP"]
[EventCategory "19"]
[Source "lmi"]
[SourceDate "2007.11.02"]

1. d4 Nf6 2. c4 e6 3. Nc3 Bb4 4. e3 O-O 5. Bd3 c5 6. Nf3 d5 7. O-O dxc4 8. Bxc4
Nbd7 9. Qb3 cxd4 10. exd4 Bxc3 11. bxc3 b6 12. Ng5 Re8 13. Re1 Nf8 14. f3 Bb7
15. Bf1 Rc8 16. Bb2 Qc7 17. c4 Red8 18. Rac1 Qf4 19. Nh3 Qc7 20. Nf2 Rd7 21.
Ne4 Qd8 22. Nxf6+ Qxf6 23. d5 Qg5 24. Re4 Qd8 25. Qc3 f6 26. dxe6 Re7 27. Rg4
Rxe6 28. Qa3 h5 29. Rd4 Qe7 30. Rcd1 Qxa3 31. Bxa3 Ree8 32. c5 bxc5 33. Rh4 g6
34. Ra4 a6 35. Bc4+ Kg7 36. Rb1 Rc7 37. Bxc5 Rxc5 38. Rxb7+ Kh6 39. h4 a5 40.
Ra7 Re1+ 41. Kh2 Ree5 42. Rf7 Nh7 43. Bb3 Re8 44. Rd4 Rf8 45. Ra7 f5 46. Rd6
Nf6 47. a4 f4 48. Rb6 Rc1 49. Bf7 Kg7 50. Be6+ Kh6 51. Rxa5 Rd8 52. Rb4 Rd6 53.
Bb3 Rb1 54. Rab5 Rd3 55. Bc2 Rxb4 56. Rxb4 Rd2 57. Bb3 Rb2 58. Rb7 g5 1-0

[Event "Torneo Liga de Campeones 2007"]
[Site "Vitoria ESP"]
[Date "2007.11.13"]
[Round "9.2"]
[White "Nisipeanu, Liviu Dieter"]
[Black "Polgar, Judit"]
[Result "1/2-1/2"]
[WhiteElo "2668"]
[BlackElo "2708"]
[PlyCount "63"]
[EventDate "2007.11.02"]
[EventType "tourn"]
[EventRounds "10"]
[EventCountry "ESP"]
[EventCategory "19"]
[Source "lmi"]
[SourceDate "2007.11.02"]

1. d4 Nf6 2. c4 e6 3. Nf3 b6 4. g3 Bb7 5. Bg2 Be7 6. O-O O-O 7. d5 exd5 8. Nh4
c6 9. cxd5 Nxd5 10. Nf5 Nc7 11. e4 d5 12. Nc3 Bf6 13. exd5 cxd5 14. Bf4 Nba6
15. Re1 Bc8 16. Qh5 Bxf5 17. Qxf5 Qc8 18. Qh5 Bxc3 19. bxc3 Qd7 20. c4 Rad8 21.
cxd5 Nxd5 22. Be5 g6 23. Qh6 f6 24. Rad1 fxe5 25. Bxd5+ Kh8 26. Bc4 Qf5 27. Qe3
Rxd1 28. Rxd1 Nc5 29. Rd5 Qe4 30. Qxe4 Nxe4 31. Rxe5 Nd2 32. Bd5 1/2-1/2

[Event "Torneo Liga de Campeones 2007"]
[Site "Vitoria ESP"]
[Date "2007.11.14"]
[Round "10.1"]
[White "Ponomariov, Ruslan"]
[Black "Kasimdzhanov, Rustam"]
[Result "0-1"]
[WhiteElo "2705"]
[BlackElo "2690"]
[PlyCount "64"]
[EventDate "2007.11.02"]
[EventType "tourn"]
[EventRounds "10"]
[EventCountry "ESP"]
[EventCategory "19"]
[Source "lmi"]
[SourceDate "2007.11.02"]

1. d4 Nf6 2. c4 g6 3. Nf3 Bg7 4. g3 O-O 5. Bg2 d6 6. O-O Nc6 7. Nc3 a6 8. d5
Na5 9. Nd2 c5 10. Rb1 Rb8 11. b3 b5 12. Bb2 Bh6 13. e3 bxc4 14. Nxc4 Nxc4 15.
bxc4 Qa5 16. Ba1 Bd7 17. Rb3 Bg7 18. a3 Ng4 19. Bf3 Ne5 20. Be2 Bh3 21. Re1 Nd7
22. Rxb8 Rxb8 23. Ne4 Bf5 24. Bxg7 Bxe4 25. Bh6 Ne5 26. Rf1 Qxa3 27. f3 Bd3 28.
Bxd3 Qxd3 29. Qxd3 Nxd3 30. Ra1 Rb6 31. e4 Ne5 32. Kf2 Rb2+ 0-1

[Event "Torneo Liga de Campeones 2007"]
[Site "Vitoria ESP"]
[Date "2007.11.14"]
[Round "10.2"]
[White "Karpov, Anatoly"]
[Black "Nisipeanu, Liviu Dieter"]
[Result "1/2-1/2"]
[WhiteElo "2670"]
[BlackElo "2668"]
[PlyCount "44"]
[EventDate "2007.11.02"]
[EventType "tourn"]
[EventRounds "10"]
[EventCountry "ESP"]
[EventCategory "19"]
[Source "lmi"]
[SourceDate "2007.11.02"]

1. Nf3 Nf6 2. c4 e6 3. g3 d5 4. d4 dxc4 5. Qa4+ Nbd7 6. Bg2 a6 7. Nc3 Be7 8.
Bf4 Nd5 9. Qxc4 Nxf4 10. gxf4 b5 11. Qd3 Bb7 12. Rd1 Nf6 13. O-O O-O 14. a3 c5
15. dxc5 Bxc5 16. Qxd8 Rfxd8 17. Ne5 Bxg2 18. Kxg2 Rdc8 19. Rd3 Be7 20. Kf3 Rc7
21. Rfd1 Rac8 22. e3 g6 1/2-1/2

[Event "Torneo Liga de Campeones 2007"]
[Site "Vitoria ESP"]
[Date "2007.11.14"]
[Round "10.3"]
[White "Polgar, Judit"]
[Black "Topalov, Veselin"]
[Result "0-1"]
[WhiteElo "2708"]
[BlackElo "2769"]
[PlyCount "116"]
[EventDate "2007.11.02"]
[EventType "tourn"]
[EventRounds "10"]
[EventCountry "ESP"]
[EventCategory "19"]
[Source "lmi"]
[SourceDate "2007.11.02"]

1. e4 c5 2. Nf3 d6 3. d4 cxd4 4. Nxd4 Nf6 5. Nc3 a6 6. Be3 e5 7. Nb3 Be6 8. f3
h5 9. Be2 Nbd7 10. O-O Rc8 11. Qd2 Be7 12. a4 Nb6 13. a5 Nc4 14. Bxc4 Rxc4 15.
Qd3 Qc8 16. Na4 Rxc2 17. Nb6 Qc7 18. Rfc1 Rxc1+ 19. Rxc1 Qb8 20. f4 O-O 21. f5
Bd7 22. Bg5 Bc6 23. Qe2 Qd8 24. Bxf6 Bxf6 25. Rd1 Bg5 26. Nc5 Bf4 27. Nd3 Qg5
28. Nxf4 Qxf4 29. Re1 g6 30. Qd3 gxf5 31. Qxd6 fxe4 32. Nc4 Re8 33. Ne3 Qg5 34.
Qc5 f5 35. Nc4 e3 36. Nxe3 f4 37. Qc4+ Kg7 38. h4 Qg6 39. Nd5 Qe6 40. Nb6 Qg4
41. Nd5 Qxh4 42. Re2 Qg4 43. Rd2 Qe6 44. Qc5 Qd7 45. Rd3 Qf7 46. Qd6 Qg6 47.
Qc7+ Kh6 48. Nxf4 exf4 49. Qxf4+ Kh7 50. Rg3 Rf8 51. Qe5 Rf5 52. Qc7+ Qf7 53.
Qd6 Rd5 54. Qb8 Rxa5 55. Qd8 Rd5 56. Qh4 Rf5 57. Kh2 Qf6 58. Qc4 Rg5 0-1